Statistics for Football players starting with the letter R

Click here to take the quiz!

General Stats

  • This quiz has been taken 47 times
  • The average score is 11 of 16

Answer Stats

Answer% Correct
Christiano Ronaldo
91%
Marcus Rashford
91%
Ronaldinho
91%
Arjen Robben
86%
Sergio Ramos
86%
Marco Reus
84%
Rivaldo
84%
Andrew Robertson
77%
Ivan Rakitić
75%
Raphinha
68%
Giovanni Reyna
59%
Christian Romero
57%
David Raum
50%
Mário Rui
45%
Gerónimo Rulli
30%
Tim Ream
25%

Score Distribution

Percentile by Number Answered

Percent of People with Each Score

Your Score History

You have not taken this quiz